00483nam a2200193Ia 4500003000400000005001700004008004100021020001800062040000700080041000800087082002000095100004600115245002600161260004000187300001700227365001300244650001400257650001800271OSt20230518103639.0210423s2011 xx 000 0 und d a81-316-0123-4 cAL aeng a305.42 HARR223 aHARISH (Ranjana);HARISHANKAR (V Bharathi) aRe-defining feminisms aNew DelhibRawat Publicationsc2011 axvii,278bPB b695cINR aSociology aWomen Studies